|
|
|
|
| LEADER |
00000nam0a2200000 4500 |
| 001 |
75117 |
| 005 |
20231101212810.0 |
| 010 |
|
|
|a 5811405642
|
| 035 |
|
|
|a (RuTPU)RU\TPU\book\80096
|
| 090 |
|
|
|a 75117
|
| 100 |
|
|
|a 20050317d2004 km y0rusy50 ca
|
| 101 |
0 |
|
|a rus
|
| 102 |
|
|
|a RU
|
| 105 |
|
|
|a a j 001zy
|
| 200 |
1 |
|
|a Мировая художественная культура. История искусства Китая
|e учебное пособие
|f М. Е. Кравцова
|
| 210 |
|
|
|a СПб.
|c Лань
|d 2004
|
| 215 |
|
|
|a 960 с.
|c ил.
|
| 225 |
1 |
|
|a Мировая художественная культура
|
| 320 |
|
|
|a Библиогр.: с. 954-960.
|
| 606 |
1 |
|
|a Историческая культурология
|2 stltpush
|3 (RuTPU)RU\TPU\subj\72069
|9 85657
|
| 606 |
1 |
|
|a Восточное искусство
|2 stltpush
|3 (RuTPU)RU\TPU\subj\68557
|9 83786
|
| 610 |
1 |
|
|a искусство
|
| 610 |
1 |
|
|a культура
|
| 610 |
1 |
|
|a история
|
| 610 |
1 |
|
|a Китай
|
| 610 |
1 |
|
|a неолит
|
| 610 |
1 |
|
|a Древний Китай
|
| 610 |
1 |
|
|a керамика
|
| 610 |
1 |
|
|a строительство
|
| 610 |
1 |
|
|a металлургия
|
| 610 |
1 |
|
|a ремесла
|
| 610 |
1 |
|
|a изобразительное искусство
|
| 610 |
1 |
|
|a иконография
|
| 610 |
1 |
|
|a станковая живопись
|
| 610 |
1 |
|
|a средние века
|
| 610 |
1 |
|
|a Новое время
|
| 610 |
1 |
|
|a 19 век
|
| 610 |
1 |
|
|a 20 век
|
| 610 |
1 |
|
|a живопись
|
| 610 |
1 |
|
|a текстильная техника
|
| 610 |
1 |
|
|a костюмы
|
| 610 |
1 |
|
|a ювелирное дело
|
| 610 |
1 |
|
|a лакокрасочные производства
|
| 610 |
1 |
|
|a эмали
|
| 610 |
1 |
|
|a архитектура
|
| 610 |
1 |
|
|a садоводство
|
| 610 |
1 |
|
|a мебель
|
| 610 |
1 |
|
|a музыка
|
| 610 |
1 |
|
|a учебные пособия
|
| 675 |
|
|
|a 7.032.1(07)
|v 3
|
| 700 |
|
1 |
|a Кравцова
|b М. Е.
|g Марина Евгеньевна
|
| 801 |
|
1 |
|a RU
|b 63413507
|c 20050317
|g PSBO
|
| 801 |
|
2 |
|a RU
|b 63413507
|c 20140916
|g PSBO
|
| 900 |
|
|
|a Культура, литература и религия Азиатско-Тихоокеанского региона
|
| 900 |
|
|
|a Культура Китая
|
| 942 |
|
|
|c BK
|